Guess the Taylor Swift Song (no hints) 193 - Statistics

General Stats
  • This quiz has been taken 51 times
  • The average score is 180 of 267
Answer Stats
Answer % Correct
I
100%
the
100%
The
100%
a
97%
And
97%
and
97%
He
97%
he
97%
be
94%
it
94%
my
94%
So
94%
when
94%
When
94%
you
94%
is
92%
to
92%
I'm
89%
In
89%
in
89%
know
89%
know?
89%
like
89%
on
89%
say
89%
They
89%
what
89%
but
86%
don't
86%
don't,
86%
if
86%
If
86%
it's
86%
It's
86%
love
86%
that
86%
That
86%
your
86%
ever
83%
You're
83%
as
81%
by
81%
for
81%
him
81%
I'll
81%
are
78%
of
78%
at
72%
never
72%
Oh,
72%
oh,
72%
oh
72%
should
72%
can
69%
every
69%
Every
69%
day
67%
stay
64%
Stay
64%
them
64%
Will
61%
back
58%
make
58%
eyes
56%
gonna
56%
he's
56%
mind
56%
someone
56%
way
56%
you'll
56%
beautiful
53%
beautiful,
53%
Beautiful,
53%
beautiful?
53%
everything
53%
get
53%
home
53%
knows
53%
Ask
50%
really
50%
There's
50%
told
50%
you've
50%
looked
47%
away
44%
does
44%
Cory
42%
Cory's
42%
"hey,
39%
anyone
36%
breath
36%
door
36%
find
36%
hold,
36%
jungle
36%
little
36%
radio
36%
taking
36%
walking
36%
watch
36%
gets
33%
girls
33%
highlight
33%
hope
33%
into
33%
leads
33%
story
33%
another
31%
finds
31%
front
31%
least
31%
Na,
31%
na,
31%
na
31%
nobody
31%
save
31%
Saying,
31%
smiles
31%
songs
31%
words
31%
corner
28%
daydream
28%
hard
28%
pictures
28%
piece,
28%
pretty
28%
window
28%
conversation
25%
rainy
25%
whispers
25%
No matching quizzes found
Score Distribution
Percent of People with Each Score
Percentile by Number Answered
Your Score History
You have not taken this quiz